[Event "Allauch op 4th"]
[Site "Allauch"]
[Date "2022.08.27"]
[Round "8"]
[White "Touzet, Cassien"]
[Black "Hurtado, Samuel"]
[Result "0-1"]
[WhiteElo "1303"]
[BlackElo "1319"]
[PlyCount "78"]
[EventDate "2022.08.22"]
[EventType "swiss"]
[EventRounds "9"]
[EventCountry "FRA"]
[SourceTitle "CBM 210 Extra"]
[Source "ChessBase"]
[SourceDate "2022.11.30"]
[SourceVersion "1"]
[SourceVersionDate "2022.11.30"]
[SourceQuality "1"]

1. e4 e5 2. Nf3 Nc6 3. Nc3 Nf6 4. d4 exd4 5. Nxd4 Bb4 6. Nxc6 bxc6 7. Bd3 d5 8. exd5 cxd5 9. 0-0 0-0 10. Bg5 c6 11. Qf3 Bd6 12. Rfe1 Be6 13. Bf5 Qd7 14. Bxe6 fxe6 15. Qe2 e5 16. f3 Rae8 17. Rad1 Qc7 18. g3 Qb6+ 19. Be3 d4 20. Qc4+ Rf7 21. Ne4 Nxe4 22. fxe4 Ref8 23. Bc1 Kh8 24. Qb3 Bc5 25. Qxb6 axb6 26. Rd2 Bb4 27. c3 dxc3 28. Rc2 cxb2 29. Bd2 Rf1+ 30. Rxf1 Rxf1+ 31. Kxf1 b1Q+ 32. Rc1 Qd3+ 33. Kg1 Qxd2 34. Rxc6 Bc5+ 35. Kh1 h6 36. Rc8+ Kh7 37. Rxc5 bxc5 38. a4 Qf2 39. a5 Qf1# 0-1